[Event "Copenhagen K41"]
[Site "Copenhagen"]
[Date "1995.??.??"]
[Round "8"]
[White "Danielsen, Henrik"]
[Black "Kjeldsen, Jens"]
[Result "1-0"]
[WhiteElo "2430"]
[BlackElo "2410"]
[Annotator "Ftacnik,L"]
[PlyCount "81"]
[EventDate "1995.06.??"]
[EventType "tourn"]
[EventRounds "9"]
[EventCountry "DEN"]
[EventCategory "10"]
[SourceTitle "CBM 048"]
[Source "ChessBase"]
[SourceDate "1995.10.01"]
[SourceVersion "1"]
[SourceVersionDate "1995.10.01"]
[SourceQuality "1"]

1. c4 c6 2. Nc3 d5 3. d4 e6 4. e3 Nf6 5. Nf3 Nbd7 6. Bd3 dxc4 7. Bxc4 b5 8. Be2
Bb7 (8... b4 9. Na4 Bb7 10. O-O Be7 11. Qc2 $1 $14) 9. O-O a6 10. e4 c5 11. e5
{Pawn center loses mobility, but white saves a tempo in order to mount more
pressure.} Nd5 12. a4 b4 (12... Nxc3 13. bxc3 c4 14. Ng5 $1 Be7 15. Bf3 $14)
13. Ne4 Qc7 (13... h6 14. Nfd2 Be7 15. Nc4 O-O 16. Ncd6 Bxd6 (16... Bc6 17.
Nxc5 Bxd6 $8 18. exd6 Nb8 $1 (18... a5 $6 19. Qd3 Qh4 20. Nxd7 Bxd7 21. Bf3 Bc6
22. Bxd5 Bxd5 23. Qg3 Qxg3 24. hxg3 Ra6 25. Be3 Rxd6 26. Rfc1 Ra8 27. Rc5 Bb3
$15 {Sutter,O-Milov,V/Zuerich op/1993/0-1 (50)}) (18... Qb8 $5 19. Nxa6 Qxd6
20. Qb3 Bb7 $8 21. Nc5 Nxc5 22. dxc5 Qxc5 $14 {Alonso,R-Guerra,P/Cuba/1991/})
19. Ne4 $1 a5 $1 20. Re1 Nd7 21. Bd3 $1 Qb6 $1 22. Bc2 Rac8 $2 23. Qd3 N5f6 24.
Nxf6+ Nxf6 25. Bf4 $1 $16 {Henkin,I-Shabalov,A/Minsk/1990/1-0 (48)}) 17. Nxd6
Bc6 18. a5 cxd4 19. Qxd4 f6 20. f4 Qc7 21. Bd2 Qa7 22. Qxa7 Rxa7 23. Rfc1 Nb8
24. Rc4 fxe5 25. fxe5 Bb5 26. Nxb5 axb5 27. Rc5 {1-0/Piket,J-Brenninkmeijer,J/
Groningen (1)/1991/}) 14. Re1 (14. a5 h6 15. Bc4 (15. Re1 Be7 16. dxc5 Nxc5 17.
Nxc5 Bxc5 18. Bd3 O-O 19. Qe2 Rfd8 20. Bd2 Ne7 21. Rec1 {0.5/Ryskin,A-Yakovich,
Y/Vladivostok (02)/1994/}) (15. Qd3 Be7 16. Bd2 O-O 17. Rfc1 Rfc8 18. Ne1 Bc6
19. Qg3 cxd4 20. Bxh6 Bf8 21. Nd6 Rd8 22. Nf3 Nxe5 23. Nxe5 Rxd6 24. Rc4 f6 25.
Nd3 $13 {Hansen,LB-Maksimenko,A/Copenhagen BSF (06)/1995/0.5 (42)}) 15... Be7
16. dxc5 Nxc5 17. Nxc5 Bxc5 18. Qe2 O-O 19. Bd3 Rfd8 20. Bd2 Ne7 21. Be4 Bxe4
22. Qxe4 Nc6 23. Rfc1 Rd5 24. Be3 $10 {Horvath,C-Sorokin,M/EUCup
Gr5Balatonbereny/1993/0.5 (76)}) 14... h6 15. Bf1 Be7 16. Bd2 Rd8 17. Rc1 Qb6
18. Ng3 $6 (18. dxc5 Nxc5 19. Nxc5 Bxc5 20. Qe2 O-O $13) 18... cxd4 19. a5 Qxa5
{In this line black often refrains from castling, as this would provoke Nd4
and Qg4 attack.} 20. Nxd4 Qb6 21. Qg4 g6 22. Nf3 Nc5 23. Bc4 h5 24. Qh3 Kf8 25.
Ne2 (25. Nd4 Na4 $17) 25... Ne4 $1 26. Rf1 Bc5 (26... Nxd2 27. Nxd2 Bg5 28.
Rfd1 Ne3 $17) 27. Qh4 Ne7 (27... Nxd2 28. Nxd2 Ne3 $1 $17) 28. Bg5 $1 Nxg5 29.
Nxg5 Nf5 $2 (29... Bd5 $17) 30. Nxe6+ {[%csl Rf8] Black have not only spoiled
his advantage, but falled under strong attack.} fxe6 $8 (30... Ke8 31. Qxd8+
Qxd8 32. Nxd8 Kxd8 33. Bxf7 $18) 31. Qf6+ Kg8 32. Bxe6+ Kh7 33. Rxc5 $1 (33.
Bxf5 gxf5 34. Qxf5+ Kh6) 33... Qxc5 34. Nf4 Ne7 (34... Rhg8 35. Bxf5 Qc6 (35...
gxf5 36. Qxf5+ Kg7 37. Qg5+ $18) 36. Be6 $18) 35. Bf7 Rhg8 (35... Qc6 36. Qxe7
Kh6 37. h4 $18) (35... Rhf8 36. Ne6 $18) 36. Bxg8+ Rxg8 (36... Nxg8 $2 37. Qf7+
Kh8 38. Nxg6#) 37. Ne6 Qc6 38. Qxe7+ Kh8 (38... Kh6 39. f3 Qe8 40. Qg5+ Kh7 41.
Qf6 $18) 39. f3 Qe8 40. Qf6+ Kh7 41. Rc1 1-0

[Event "Jermuk FIDE GP"]
[Site "Jermuk"]
[Date "2009.08.21"]
[Round "11"]
[White "Kasimdzhanov, Rustam"]
[Black "Leko, Peter"]
[Result "1/2-1/2"]
[WhiteElo "2672"]
[BlackElo "2756"]
[Annotator "Ftacnik,L"]
[PlyCount "62"]
[EventDate "2009.08.09"]
[EventType "tourn"]
[EventRounds "13"]
[EventCountry "ARM"]
[EventCategory "19"]
[SourceTitle "CBM 132"]
[Source "ChessBase"]
[SourceDate "2009.09.16"]
[SourceVersion "1"]
[SourceVersionDate "2009.09.16"]
[SourceQuality "1"]

1. d4 d5 2. c4 c6 3. Nf3 Nf6 4. Nc3 e6 5. e3 Nbd7 6. Bd3 dxc4 7. Bxc4 b5 8. Bd3
Bd6 9. O-O O-O 10. Qc2 Bb7 11. a3 a6 12. b4 a5 13. Rb1 axb4 14. axb4 Qe7 15. e4
e5 16. Ne2 Bxb4 17. Ng3 g6 18. dxe5 Ng4 19. e6 $146 fxe6 20. Bg5 Qd6 {Leko has
managed to prepare for the possible repetition of the line played by
Kasimdzhanov in the 5th round in Jermuk.} (20... Qc5 21. Qb3 Nde5 22. Qxe6+ Rf7
23. Nxe5 Nxe5 24. Be2 Qd6 25. Qb3 Bc5 26. Rbd1 Ra3 27. Qc2 Bd4 28. Be3 {
1-0 Kasimdzhanov,R (2672)-Aronian,L (2768)/Jermuk 2009 (41)}) 21. Be2 Rf7 {
[%mdl 4] Black has prepared a very witty combination.} (21... Nde5 22. Nxe5
Nxe5 23. Rfd1 Qc5 24. Qb3 Qxf2+ 25. Kh1 Bc5 26. Rf1 Qd4 27. Qxe6+ Nf7 $11) 22.
Rbd1 Qf8 23. Nd4 (23. Qb3 Nde5 24. Nxe5 (24. Nd4 Ra3 25. Qxa3 Bxa3 26. Nxe6
Nxf2 27. Rd8 Qxd8 28. Nxd8 Bc5 29. Nxf7 Nxf7 $15) 24... Nxe5 25. Qxe6 Re8 26.
Qb3 Bc8 $15) 23... Nxf2 $1 24. Nxe6 $1 {Both players are forced to sing from
exactly the same hymn sheet. Any deviation or any attempts to improve would
most likely favour Black.} (24. Rxf2 Rxf2 25. Nxe6 Qf7 26. Nd8 Rxd8 27. Bxd8
Bc5 28. Kh1 Bf8 $15) (24. Ngf5 exf5 25. Rxf2 fxe4 26. Ne6 Qe8 27. Rxf7 Qxf7 28.
Nd8 Rxd8 29. Bxd8 Qe6 $15) 24... Nxd1 $1 {It is nearly sure, that Leko had
analysed the whole idea in advance. Only the sacrificing of the queen is able
to hold the balance for the defender.} (24... Qe8 $2 25. Rxf2 Qxe6 (25... Rxf2
26. Nc7 Qe5 27. Nxa8 Bc5 28. Kh1 Rf7 29. Qa2 $16) 26. Rxf7 Qxf7 27. Rxd7 Qxd7
28. Qb3+ Kg7 29. Qxb4 $16) 25. Nxf8 Bc5+ 26. Kh1 Rxf1+ 27. Nxf1 (27. Bxf1 Nf2+
28. Kg1 Kxf8 29. h4 Ra3 $17) 27... Nf2+ {The repetition of the moves seems
like something out of a fairy tale. Modern chess can be visually very
attractive, even though it is sometimes "played" only in the preparation.} 28.
Kg1 Nh3+ (28... Rxf8 $2 29. Be3 $16) 29. Kh1 Nf2+ 30. Kg1 Nh3+ 31. Kh1 Nf2+
1/2-1/2

[Event "Hoogovens"]
[Site "Wijk aan Zee"]
[Date "1992.01.??"]
[Round "7"]
[White "Gelfand, Boris"]
[Black "Brenninkmeijer, Joris"]
[Result "1-0"]
[WhiteElo "2665"]
[BlackElo "2500"]
[Annotator "Ftacnik,L"]
[PlyCount "113"]
[EventDate "1992.01.??"]
[EventType "tourn"]
[EventRounds "13"]
[EventCountry "NED"]
[EventCategory "14"]
[SourceTitle "CBM 028"]
[Source "ChessBase"]
[SourceDate "1992.06.01"]
[SourceVersion "1"]
[SourceVersionDate "1992.06.01"]
[SourceQuality "1"]

1. Nf3 d5 2. c4 c6 3. e3 Nf6 4. Nc3 e6 5. d4 Nbd7 6. Bd3 dxc4 7. Bxc4 b5 8. Bd3
Bb7 9. a3 $5 b4 10. Ne4 bxa3 11. bxa3 Be7 (11... Nxe4 12. Bxe4 Nf6 13. Bd3 Bd6
14. e4 Bc7 15. O-O O-O 16. e5 Nd5 17. Ng5 (17. Bxh7+ Kxh7 18. Ng5+ Kg6 19. Qd3+
f5 20. exf6+ Kxf6 21. Nh7+ Kf7 $17) 17... g6 18. Ne4 (18. Nxh7 Kxh7 19. Qh5+
Kg7 20. Qh6+ Kg8 21. Bxg6 fxg6 22. Qxg6+ Kh8 23. Qh6+ Kg8 24. a4 $1 {Ra3-g3})
18... f5 19. exf6 Nxf6 20. Bg5 $16) 12. Nxf6+ Nxf6 13. O-O O-O 14. Rb1 $1 Qc7 (
14... Qc8 15. e4 c5 16. e5 Nd5 17. Bg5 $5 Nc3 18. Qc2 Bxg5 19. Nxg5 Nxb1 20.
Bxh7+ Kh8 21. Bg8 g6 22. Qd3 Kxg8 23. Qh3 $18) (14... Rb8 15. e4 c5 16. Bf4 $16
) 15. e4 c5 16. Bf4 Qc8 (16... Qxf4 17. Rxb7 Rfe8 (17... c4 18. Bxc4 Bxa3 19.
Qb3 Rfc8 20. Bxe6 fxe6 21. Qxe6+ Kh8 22. Ne5 $16) 18. e5 (18. Bb5 Reb8 $1 19.
Rxe7 Rxb5 20. dxc5 Rxc5 21. Rxa7 Rcc8 $132) 18... Nd5 19. dxc5 Bxc5 20. Bxh7+
Kh8 21. Bc2 Bxa3 $4 22. Qd3 $18) 17. Qe2 (17. e5 Nd5 18. Bg5) 17... c4 (17...
cxd4 $2 18. Rfc1 $18) 18. Bc2 g6 $6 (18... Bxa3 $5 19. e5 Nd5 (19... Bxf3 20.
Qxf3 Nd5 21. Bh6 c3 $1 22. Qg4 g6 23. Bxf8 Kxf8 $44) 20. Qe4 g6 21. Bh6 Rd8 22.
Ng5 $40) (18... Rd8 19. e5 Nd5 20. Qe4 (20. Bg5 Nc3 21. Qe3 Bxg5 22. Nxg5 Nxb1
23. Bxh7+ Kf8 24. Qf4 Qd7 25. Bxb1) 20... g6 21. Bg5 $40) 19. Ne5 Bxa3 20. Bg5
(20. Bh6 $1 Rd8 21. Qf3 Be7 22. g4 $1 $18) 20... Nd7 21. Nxc4 Ba6 22. Bd3 Bxc4
23. Bxc4 Nb6 24. Ba6 (24. Bb5 Qb7 25. Rfd1 Be7 26. Bc6 Qxc6 27. Bxe7 Rfc8 $14)
24... Qd7 25. Rfd1 f6 (25... Be7 26. Bb5 Qb7 27. Bc6 Qxc6 28. Bxe7 $16) 26. Bh6
Rf7 27. d5 $1 exd5 28. exd5 Bd6 (28... Nxd5 29. Bc4 Nc3 30. Rxd7 Nxe2+ 31. Kf1
$18) 29. Bb5 Qe7 30. Qf3 f5 31. Bf4 (31. Re1 Qh4 (31... Bxh2+ 32. Kxh2 Qh4+ 33.
Kg1 Qxh6 34. d6 $16)) 31... Rd8 (31... Bxf4 32. Qxf4 Rd8 33. d6 Qf6 34. Rbc1
$16) 32. Re1 Qf8 33. Be3 Bc5 34. Bg5 Be7 (34... Rxd5 35. Re8 $18) 35. Bf4 Bd6 (
35... Rxd5 36. Bc4 $16 (36. Bc6 Rd8 37. Bc7 Rc8 38. Bxb6 axb6 39. Bd5 $16)) 36.
Bc1 $1 Nd7 37. Bb2 Qh6 38. g3 Qd2 39. Bc3 Qg5 40. Re6 (40. Bxd7 Rfxd7 41. Re6
$18) 40... Nc5 41. Ba1 Ne4 (41... Nxe6 42. dxe6 Rg7 43. Bc4 Be7 (43... Qe7 44.
Bxg7 Kxg7 45. Rb7) 44. Qc3 Qh6 45. Rb7 Rd1+ 46. Kg2 Rxa1 47. Rb8+ Bf8 48. e7+
$18) 42. Rd1 Qh5 (42... a5 43. Rxe4 fxe4 44. Qc3 $18) 43. Qxh5 gxh5 44. Kg2 Bf8
45. Bc4 Nd6 46. Be2 h4 (46... Re7 47. Bxh5 Rxe6 48. dxe6 Be7 49. Be5 $16) 47.
Bf6 Rc8 48. Bxh4 Rc2 49. Bd3 Rc5 50. Bb1 Rd7 51. Bg5 Nf7 52. Be3 Rcxd5 53. Rxd5
Rxd5 54. Ra6 Rb5 55. Ba2 Rb7 56. Bxa7 Bg7 57. Be3 {Ftacnik,L} (57. Be3 Bf8 58.
Ra8 Kg7 59. Bd4+ Kg8 60. Bc5 $18) 1-0

[Event "Neuchatel op"]
[Site "Neuchatel"]
[Date "1995.??.??"]
[Round "6"]
[White "Ftacnik, Lubomir"]
[Black "Pelletier, Yannick"]
[Result "1-0"]
[WhiteElo "2580"]
[BlackElo "2460"]
[Annotator "Ftacnik,L"]
[PlyCount "57"]
[EventDate "1995.06.??"]
[EventType "swiss"]
[EventRounds "7"]
[EventCountry "SUI"]
[SourceTitle "CBM 049"]
[Source "ChessBase"]
[SourceDate "1995.12.01"]
[SourceVersion "1"]
[SourceVersionDate "1995.12.01"]
[SourceQuality "1"]

1. d4 d5 2. c4 c6 3. Nc3 Nf6 4. e3 e6 5. Nf3 Nbd7 6. Bd3 dxc4 7. Bxc4 b5 8. Be2
Bb7 9. O-O (9. e4 b4 10. e5 bxc3 11. exf6 cxb2 12. fxg7 bxa1=Q 13. gxh8=Q $13 {
Sadler,M-Kaidanov,G/Andorra 52/432 1991/1-0 (34)}) 9... a6 10. e4 (10. e4 c5
11. e5 Nd5 12. Ne4 c4 (12... Qb6 13. a4 Rc8 14. axb5 axb5 15. Bd2 c4 16. Ba5
Qc6 {Berube,R-Zamora,J/New York op (4) 1993}) 13. Bg5 Qb6 14. a4 h6 15. Bd2 Rc8
16. axb5 axb5 17. Qb1 Be7 18. Rc1 O-O 19. Ng3 Ra8 {Terzic,S-Smagin,S/Zenica
1987/0-1 (37)}) 10... b4 $5 $146 11. e5 Nd5 12. Ne4 c5 13. Bg5 Qb6 $2 14. Nfd2
$1 {xd6} h6 15. Bh4 (15. Nc4 Qc6 16. Ned6+ Bxd6 17. Nxd6+ Kf8 18. Nxb7 Qxb7 (
18... hxg5 19. Nxc5 Nxc5 20. Rc1 $16) 19. Bh4 $14) 15... cxd4 (15... Be7 16.
Nc4 Qc6 17. Bxe7 Kxe7 18. Na5 $16) (15... g5 16. Bg3 {xg5}) 16. Nc4 Qc6 17. Rc1
$1 (17. Ncd6+ Bxd6 18. Nxd6+ Kf8 19. Rc1 (19. Nxb7 Qxb7 20. Qxd4 $14) (19. Qxd4
$4 Nf4 20. Bf3 Ne2+ 21. Kh1 Nxd4 22. Bxc6 Bxc6 $19) 19... Nc3 20. Nxb7 Nxe2+
21. Qxe2 Qxb7 22. Rfd1 $14) 17... Nc3 $8 (17... Nc5 $2 18. Ncd6+ Bxd6 19. Nxd6+
Kf8 20. Nxb7 $18) 18. bxc3 Qxe4 19. Bf3 Qxh4 20. Bxb7 Ra7 (20... dxc3 21. Nb6
$3 (21. Bc6 $6 O-O-O $1 $8 (21... Ra7 22. Nb6 Qd8 23. Nxd7 Rxd7 24. Qa4 $18)
22. Bxd7+ (22. Qa4 Qxc4 23. Rxc3 $1 Nc5 24. Rxc4 Nxa4 25. Bxa4+ Kb8 26. Rfc1
$44) 22... Kc7 23. Qa4 Rxd7 (23... Qxc4 24. Qa5+ Kxd7 25. Rfd1+ Bd6 26. Rxd6+
Ke7 $13) 24. Qxa6 $40) (21. Bxa8 Qxc4 22. Qa4 Ke7) 21... Rd8 (21... Nxb6 22.
Bc6+ Ke7 23. Qd6#) 22. Bc6 Qe7 23. Qa4 $18) 21. Bc6 Rc7 (21... dxc3 22. Nb6 $18
) (21... bxc3 22. g3 (22. Nb6 Ba3 23. Nxd7 Bxc1 24. g3 Qe7 25. Qxd4 $18) 22...
Qd8 23. Qxd4 Rc7 24. Nd6+ Bxd6 (24... Ke7 25. Rxc3 f6 (25... Nxe5 $2 26. Nf5+
exf5 27. Qxe5#) 26. f4 $18) 25. Qxd6 Qc8 26. Rxc3 $18) 22. Bxd7+ Rxd7 (22...
Kxd7 23. Qa4+ Kd8 24. cxd4 Be7 25. Na5 $18) 23. Nb6 Qd8 (23... bxc3 24. Nxd7
Kxd7 25. Qa4+ Kd8 26. Rxc3 $18) (23... Rc7 24. Qa4+ Kd8 25. cxd4 $18) 24. Nxd7
Qxd7 25. Qxd4 Qxd4 (25... bxc3 26. Qxd7+ Kxd7 27. Rfd1+ $18) 26. cxd4 Kd7 27.
Rc4 Be7 28. Rfc1 Rd8 29. Kf1 1-0

[Event "Budapest FS10 GM"]
[Site "Budapest"]
[Date "1993.??.??"]
[Round "2"]
[White "Sadler, Matthew D"]
[Black "Prie, Eric"]
[Result "1-0"]
[WhiteElo "2535"]
[BlackElo "2445"]
[Annotator "Ftacnik,L"]
[PlyCount "83"]
[EventDate "1993.10.??"]
[EventType "tourn"]
[EventRounds "11"]
[EventCountry "HUN"]
[EventCategory "9"]
[SourceTitle "CBM 038"]
[Source "ChessBase"]
[SourceDate "1994.02.01"]
[SourceVersion "1"]
[SourceVersionDate "1994.02.01"]
[SourceQuality "1"]

1. d4 d5 2. c4 c6 3. Nc3 Nf6 4. e3 e6 5. Nf3 Nbd7 6. Bd3 dxc4 7. Bxc4 b5 8. Bd3
Bb7 9. O-O Be7 10. e4 b4 11. Na4 c5 12. e5 Nd5 13. Nxc5 Nxc5 14. dxc5 Rc8 15.
Nd2 Bxc5 16. Ne4 O-O 17. Qh5 g6 (17... Nf4 $4 18. Nf6+ $18) (17... h6 18. Bxh6
gxh6 19. Qxh6 f5 20. exf6 Qd7 21. Rac1 Bd4 22. Qg6+ Kh8 23. Rxc8 (23. Nd6 Bxf2+
(23... Rxf6 24. Qh5+ Kg8 25. Qg4+ Kf8 26. Nxc8 Rf4 27. Qg5 Bxc8 28. Bb5 $40)
24. Kh1 Rxf6 25. Qh5+ Kg8 26. Qg5+ Kf8 27. Rxc8+ Bxc8 28. Ne4 $16) 23... Bxc8
24. Qh5+) 18. Qh3 Be7 19. Bh6 Re8 20. Rad1 (20. Bb5 Bc6) 20... Qb6 21. Bg5 $1
Bf8 (21... Bxg5 22. Nxg5 h5 23. Qg3 Re7 24. Ne4 $16) 22. Bb5 $1 Bg7 (22... Qxb5
23. Rxd5 Qxf1+ 24. Kxf1 Bg7 25. Rd4 Bxe5 26. Rxb4 $18) 23. Bxe8 Rxe8 24. Nf6+
Nxf6 25. exf6 Qb5 (25... Bf8 26. Rd7 Rc8 27. Rfd1 $16) 26. Qh4 Bf8 27. Bh6 Qc6
28. f3 Qc5+ 29. Kh1 Bd5 30. Rc1 Qd6 31. Bxf8 Qxf8 32. Rc7 Ra8 (32... a5 33.
Rfc1 $18) 33. Re7 a5 34. a3 bxa3 35. bxa3 a4 36. Rc1 h5 37. Rcc7 Bb3 38. h3 (
38. Rxf7 Qxf7 39. Rxf7 Kxf7 $16) 38... Ra5 39. Qb4 Rf5 40. Rxf7 Qxb4 (40...
Qxf7 41. Rxf7 Kxf7 42. Qe7+) 41. Rg7+ Kf8 42. Rc8# 1-0

[Event "USA-ch"]
[Site "Long Beach"]
[Date "1993.??.??"]
[Round "9"]
[White "Benjamin, Joel"]
[Black "Gurevich, Dmitry"]
[Result "0-1"]
[WhiteElo "2620"]
[BlackElo "2575"]
[Annotator "Ftacnik,L"]
[PlyCount "118"]
[EventDate "1993.12.??"]
[EventType "tourn"]
[EventRounds "11"]
[EventCountry "USA"]
[EventCategory "14"]
[SourceTitle "CBM 039"]
[Source "ChessBase"]
[SourceDate "1994.04.01"]
[SourceVersion "1"]
[SourceVersionDate "1994.04.01"]
[SourceQuality "1"]

1. d4 d5 2. c4 c6 3. Nc3 Nf6 4. e3 e6 5. Nf3 Nbd7 6. Bd3 dxc4 7. Bxc4 b5 8. Be2
a6 9. e4 b4 10. e5 bxc3 11. exf6 Nxf6 12. bxc3 Bd6 13. Nd2 O-O 14. Bf3 (14. Nc4
Be7 15. Bf3 Nd5 16. Ne5 $1 Qb6 17. Bd2 f6 18. Nc4 $14 {Polugajevsky,
L-Arakhamia,K/Aruba/1992/}) 14... Qc7 15. Nc4 Be7 16. Bg5 (16. g3 {/\ Bf4})
16... a5 (16... Nd5 17. Bxe7 Qxe7 18. Qd2 Rb8 19. O-O c5 $1 20. Bxd5 exd5 21.
Rfe1 Be6 22. Ne5 Rfc8 $10 {Ehlvest,J-Lesiege/New York op/1993/}) 17. Qd2 Nd5
18. Bxe7 Nxe7 19. Ne3 Ba6 20. Be2 c5 21. O-O Rfd8 22. Rfd1 cxd4 23. cxd4 Bxe2
24. Qxe2 Rac8 25. Qe1 Qa7 26. Rab1 h6 (26... Rxd4 27. Rxd4 Qxd4 28. Qxa5 $10)
27. h3 Nd5 28. Rb3 Nb4 29. a3 Nc2 30. Nxc2 Rxc2 31. Qe4 Rc7 32. Rb5 Rcd7 33.
Qe5 Rxd4 34. Rxd4 Rxd4 35. Qb8+ Qxb8 36. Rxb8+ Kh7 37. Rb5 Rd5 38. Rb7 Kg6 39.
Ra7 h5 40. h4 $2 Rd1+ $1 41. Kh2 Rd4 $1 42. Rxa5 Rxh4+ 43. Kg3 Rc4 44. a4 h4+
45. Kh3 f5 46. Ra8 Kg5 47. a5 Rc2 48. Rg8 g6 49. f4+ Kxf4 50. Rxg6 Rc1 51. Kh2
e5 52. Rh6 Kg5 53. Rh8 e4 54. a6 Ra1 55. Ra8 Kf4 56. a7 e3 57. Rh8 Rxa7 58.
Rxh4+ Kg5 59. Kg3 Ra1 0-1

[Event "URS-ch58"]
[Site "Moscow"]
[Date "1991.??.??"]
[Round "4"]
[White "Serper, Grigory"]
[Black "Shirov, Alexei"]
[Result "1-0"]
[WhiteElo "2490"]
[BlackElo "2610"]
[Annotator "Ftacnik,L"]
[PlyCount "53"]
[EventDate "1991.11.??"]
[EventType "swiss"]
[EventRounds "11"]
[EventCountry "URS"]
[SourceTitle "URS-ch"]
[Source "ChessBase"]
[SourceDate "1999.07.01"]
[SourceVersion "1"]
[SourceVersionDate "1999.07.01"]
[SourceQuality "1"]

1. c4 c6 2. d4 d5 3. Nf3 Nf6 4. Nc3 e6 5. e3 Nbd7 6. Bd3 dxc4 7. Bxc4 b5 8. Bd3
Bb7 9. O-O b4 10. Ne4 Be7 11. Nxf6+ Nxf6 12. Qe2 O-O 13. e4 c5 14. dxc5 Rc8 $5
(14... Nd7 15. c6 Bxc6 16. Be3 Bb7 17. Rac1 Qb8 18. Nd4 $14 {Chekhov,V-Novikov,
I/URS-ch58/1991/}) 15. Bf4 (15. Be3 Bxe4 (15... Bxc5 16. Rac1 Bxe3 17. Qxe3 $10
) 16. Ba6 Rc7 $13) 15... Rxc5 (15... Bxc5 16. e5 Nd5 17. Bxh7+ Kxh7 18. Ng5+
Kg6 19. Qe4+ f5 20. exf6+ Kxf6 21. Qxe6#) 16. Rac1 (16. Be3 Rc7 17. Bxa7 Bxe4
18. Bxe4 Rxa7 $10) 16... Rxc1 17. Rxc1 Qa8 18. Rc7 (18. e5 Nd5 19. Bg5 Qd8 $10)
18... Bd8 19. Rc4 Be7 20. Rc7 Bd8 21. Rc4 a5 (21... Be7 $10) 22. Bd6 Re8 23. e5
Nd5 (23... Bxf3 $2 24. gxf3 Nd5 25. Qc2 g6 26. Rc8 $16) 24. Rg4 f5 (24... Bc6
25. Nd4 Bd7 26. Rxg7+ $6 (26. h4 $40) 26... Kxg7 27. Qg4+ Kh8 28. Qh3 f5 29.
exf6 Nxf6 30. Be5 Kg8 31. Bxf6 Bxf6 32. Qxh7+ Kf8 33. Qxd7 Qd5 $1) 25. exf6
Nxf6 26. Rf4 Nh5 $2 (26... Bd5 27. Ng5 h6 (27... Bxg2 28. Nxh7 Nxh7 29. Bxh7+
Kxh7 30. Qh5+ $18) 28. Ne4 $14) 27. Qxe6+ $1 {Ftacnik,L} 1-0

[Event "WchT 3rd"]
[Site "Luzern"]
[Date "1993.??.??"]
[Round "4.1"]
[White "Hjartarson, Johann"]
[Black "Akopian, Vladimir Eduardovic"]
[Result "0-1"]
[WhiteElo "2605"]
[BlackElo "2600"]
[Annotator "Ftacnik,L"]
[PlyCount "80"]
[EventDate "1993.10.24"]
[EventType "team-tourn"]
[EventRounds "9"]
[EventCountry "SUI"]
[SourceTitle "CBM 038"]
[Source "ChessBase"]
[SourceDate "1994.02.01"]
[SourceVersion "1"]
[SourceVersionDate "1994.02.01"]
[SourceQuality "1"]
[WhiteTeam "Iceland"]
[BlackTeam "Armenia"]
[WhiteTeamCountry "ISL"]
[BlackTeamCountry "ARM"]

1. d4 d5 2. c4 c6 3. Nc3 Nf6 4. Nf3 e6 5. e3 Nbd7 6. Bd3 dxc4 7. Bxc4 b5 8. Bd3
Bb7 9. e4 b4 10. Na4 c5 11. e5 Nd5 12. O-O cxd4 13. Re1 (13. Nxd4 Nxe5 14. Bb5+
Nd7) 13... g6 14. Bd2 Bg7 (14... a6 15. Be4 Qb8 16. Qc1 Qa7 17. Bh6 $14 {
San Segundo/Anand,V/Madrid/1993/}) 15. Bb5 a6 16. Nc5 axb5 17. Nxb7 Qb6 18.
Nd6+ Ke7 (18... Kf8 19. Ng5 Nxe5 20. Ndxf7 $1 Nxf7 21. Qf3 Qb7 22. Rxe6 $18)
19. Bg5+ Kf8 20. Rc1 h6 21. Bh4 Nxe5 $1 (21... Kg8 $2 22. Bg3 $1 $16 {
Alterman-Dreev,A/Manila olm/1992/}) 22. Nxe5 Qxd6 23. Rc6 $2 (23. Bg3 $1 Qe7
24. h4 $1 (24. Qf3 Kg8 $1 25. Nxg6 fxg6 26. Qxd5 exd5 27. Rxe7 d3 $1 $17) (24.
Rc6 Kg8 $1 25. Nxg6 fxg6 26. Rexe6 Qf7 27. Qb3 (27. Rxg6 Ne7 $1) 27... Kh7 28.
Qxd5 Rhe8 $10) 24... Kg8 $5 25. h5 Kh7 26. Rc6 $1 Rhe8 $1 27. hxg6+ fxg6 28.
Nxg6 Kxg6 29. Rexe6+ Qxe6 30. Qg4+ Kf7 31. Rxe6 Rxe6 32. Qf3+ Kg8 33. Qxd5 Rae8
34. Bd6 $14) 23... Qxe5 24. Rxe5 Bxe5 25. Qe2 Bg7 26. Qxb5 Kg8 $15 {Alterman}
27. Qc4 Kh7 28. h3 Ra7 29. Ra6 Rc7 30. Qb3 $2 (30. Rc6 Rhc8 31. Rxc7 Rxc7 32.
Qb3 Rc1+ 33. Kh2 $15) 30... Rhc8 31. Bg3 Rc1+ 32. Kh2 Rf1 33. Qf3 Rcc1 34. Bd6
Rc2 35. Bg3 Rcc1 36. Bd6 h5 $1 37. Kg3 (37. Qxf7 h4 38. g4 Rc2 39. Kg2 Ne3+ $19
) (37. Ra7 h4 38. g4 Rh1+ 39. Qxh1 Rxh1+ 40. Kxh1 d3 $19) 37... Ne3 $1 38. Qxf7
(38. fxe3 Rxf3+ 39. Kxf3 Rf1+ 40. Ke2 Rb1 $17) 38... Nf5+ 39. Kf3 d3 40. Ra8 (
40. Bxb4 Rc2 $19) 40... Nh6 (40... Nh6 41. Qf4 Rc2 $19) 0-1

[Event "Hastings 9293"]
[Site "Hastings"]
[Date "1992.??.??"]
[Round "6"]
[White "Speelman, Jonathan S"]
[Black "Bareev, Evgeny"]
[Result "0-1"]
[WhiteElo "2590"]
[BlackElo "2670"]
[Annotator "Ftacnik,L"]
[PlyCount "113"]
[EventDate "1992.12.??"]
[EventType "tourn"]
[EventRounds "14"]
[EventCountry "ENG"]
[EventCategory "13"]
[SourceTitle "CBM 033"]
[Source "ChessBase"]
[SourceDate "1993.04.01"]
[SourceVersion "1"]
[SourceVersionDate "1993.04.01"]
[SourceQuality "1"]

1. d4 d5 2. c4 c6 3. Nc3 Nf6 4. e3 e6 5. Nf3 Nbd7 6. Bd3 dxc4 7. Bxc4 b5 8. Be2
Bb7 9. O-O Be7 10. a3 a5 11. Qc2 O-O 12. Bd2 Qb8 13. Ne4 Nxe4 14. Qxe4 c5 15.
Qb1 Rd8 $1 (15... c4 16. a4 $1) (15... b4 $13) 16. Rd1 (16. Bxb5 Bxf3 17. Bxd7
Rxd7 (17... Bxg2 18. Kxg2 Rxd7 19. Bc3 Rd5 $17) 18. gxf3 cxd4 $15) 16... h6 17.
Be1 a4 18. b3 Bd5 19. b4 $6 (19. bxa4 bxa4 $15) 19... c4 20. e4 Bb7 21. Bc3 Nf6
22. Nd2 Ra7 $1 23. Bf3 Bc6 24. Re1 Rad7 25. Qb2 Bb7 26. g3 Ne8 27. Bg2 Bf6 28.
Nf3 Qa8 29. Qe2 Nd6 $1 30. Nd2 (30. e5 Ne4 31. exf6 Nxc3 32. Qc2 Bxf3 33. Bxf3
Qxf3 34. Re3 Qxf6 35. Qxc3 Rxd4 $19) 30... Ne8 31. Nf3 Nd6 32. Nd2 Nf5 $1 33.
exf5 Bxg2 34. fxe6 fxe6 35. Qxe6+ Kh8 36. Ne4 $5 Bxd4 $1 (36... Re7 37. Qxe7 $1
Bxe7 38. Kxg2 $15) 37. Bxd4 Rxd4 38. Kxg2 Re8 39. Qf7 Rdxe4 40. Qf3 Rxe1 41.
Qxa8 Rxa8 42. Rxe1 Rc8 43. Re2 Kg8 44. f4 Kf7 45. Kf3 Kf6 46. g4 g6 47. h3 h5
48. Rd2 c3 49. Rc2 Rc4 50. Ke3 h4 $1 51. Ke2 (51. Kd3 Rxf4 52. Rxc3 (52. Kxc3
Rc4+ 53. Kd3 Rxc2 54. Kxc2 Ke5 $19) 52... Rf3+ 53. Kd4 Rxc3 54. Kxc3 Ke5 55.
Kd3 Kf4 56. Kd4 Kg3 57. Kc5 Kxh3 58. Kxb5 Kxg4 $19) 51... Ke6 52. Kd1 Rxf4 53.
Rxc3 Rf1+ 54. Ke2 Rh1 55. Rc5 (55. Rd3 Rh2+ 56. Kd1 Ke5 57. Ke1 Rb2 58. Kd1 Rb3
59. Rxb3 axb3 60. Kc1 Kd4 61. Kd2 g5 62. Kc1 Kc3 63. Kb1 b2 64. a4 bxa4 65. b5
Kb3 66. b6 a3 67. b7 a2#) 55... Rh2+ 56. Kf3 Rxh3+ 57. Kg2 0-1